Central Library OPAC University of Rajshahi

Organic chemistry / (Record no. 76575)

MARC details
000 -LEADER
fixed length control field 00892nam a2200289 a 4500
001 - CONTROL NUMBER
control field 76575
003 - CONTROL NUMBER IDENTIFIER
rucl marc code BD-RjUL
005 - DATE AND TIME OF LATEST TRANSACTION
control field 20211209082848.0
008 - FIXED-LENGTH DATA ELEMENTS--GENERAL INFORMATION
fixed length control field 191221s1975 enka b 001 0 eng
020 ## - INTERNATIONAL STANDARD BOOK NUMBER
International Standard Book Number 0582443164
035 ## - SYSTEM CONTROL NUMBER
System control number (BD-RjUL)76799
040 ## - CATALOGING SOURCE
Original cataloging agency LC
Language of cataloging eng
Transcribing agency LC
Modifying agency ABN-SNR
-- BD-RjUL
041 ## - LANGUAGE CODE
Language code of text/sound track or separate title eng
082 04 - DEWEY DECIMAL CLASSIFICATION NUMBER
Edition number 23
Classification number 547
Author mark and year FIO 1975
100 1# - MAIN ENTRY--PERSONAL NAME
Personal name Finar, I. L.
Fuller form of name (Ivor Lionel)
9 (RLIN) 118602
245 10 - TITLE STATEMENT
Title Organic chemistry /
Statement of responsibility, etc. I.L. Finar.
250 ## - EDITION STATEMENT
Edition statement 5th ed.
260 ## - PUBLICATION, DISTRIBUTION, ETC. (IMPRINT)
Place of publication, distribution, etc. London :
Name of publisher, distributor, etc. English Language book society ,
Date of publication, distribution, etc. 1975
300 ## - PHYSICAL DESCRIPTION
Pagination v. :
Illustrations ill. ;
Size 26 cm.
504 ## - BIBLIOGRAPHY, ETC. NOTE
Bibliography, etc Includes bibliographies and index.
505 0# - FORMATTED CONTENTS NOTE
Formatted contents note Vol. 1, The fundamental principles -- V-2.Stereochemistry and the chemistry of natural products.--
650 #0 - SUBJECT ADDED ENTRY--TOPICAL TERM
Topical term or geographic name as entry element Chemistry, Organic.
9 (RLIN) 225538
Topical term or geographic name as entry element Stereochemistry.
9 (RLIN) 225539
942 ## - ADDED ENTRY ELEMENTS (KOHA)
Source of classification or shelving scheme Dewey Decimal Classification
Koha item type Books
Holdings
Lost status Source of classification or shelving scheme Damaged status Not for loan Collection code Permanent Location Current Location Shelving location Date acquired Source of acquisition Cost, normal purchase price Total Checkouts Full call number Date last seen Copy number Koha item type
  Dewey Decimal Classification   Not For Loan Non-fiction Central Library, University of Rajshahi Central Library, University of Rajshahi Reading Room 23/03/1980 Utterbango library , Rajshahi 132.00   547 FIO 1975 V-2 22/12/2019 C-1 Books